[Event "IRI-ch Online"]
[Site "Chess.com INT"]
[Date "2021.03.18"]
[Round "10"]
[White "Poormosavi, Seyed Kian"]
[Black "Jafari, Parsa"]
[Result "1-0"]
[WhiteElo "2255"]
[BlackElo "1666"]
[PlyCount "61"]
[EventDate "2021.03.15"]
[EventType "swiss (rapid)"]
[EventRounds "11"]
[EventCountry "IRI"]
[SourceTitle "CBM 201 Extra"]
[Source "ChessBase"]
[SourceDate "2021.05.31"]
[SourceVersion "1"]
[SourceVersionDate "2021.05.31"]
[SourceQuality "1"]

1. Nf3 Nf6 2. g3 e6 3. Bg2 Be7 4. 0-0 0-0 5. d3 d6 6. Nbd2 c5 7. e4 Qc7 8. Qe2 Nc6 9. c3 e5 10. Ne1 Ne8 11. Nc2 f5 12. f4 Kh8 13. Ne3 fxe4 14. Nxe4 Nf6 15. Nxf6 Bxf6 16. Nd5 Qd8 17. fxe5 dxe5 18. Nxf6 gxf6 19. Bh6 Rf7 20. Rf2 Be6 21. Raf1 Qe7 22. Be4 Bh3 23. Re1 Re8 24. Qh5 Be6 25. Ref1 Rg8 26. Be3 Rgf8 27. Qh4 f5 28. Qxe7 Nxe7 29. Bxb7 Rb8 30. Bg2 c4 31. Bxa7 1-0

[Event "IRI-ch U18"]
[Site "Chess.com INT"]
[Date "2021.01.26"]
[Round "2"]
[White "Jafari, Parsa"]
[Black "Nazari, Arad"]
[Result "0-1"]
[WhiteElo "1666"]
[BlackElo "2298"]
[PlyCount "58"]
[EventDate "2021.01.26"]
[EventType "swiss"]
[EventRounds "9"]
[EventCountry "IRI"]
[SourceTitle "CBM 200 Extra"]
[Source "ChessBase"]
[SourceDate "2021.03.31"]
[SourceVersion "1"]
[SourceVersionDate "2021.03.31"]
[SourceQuality "1"]

1. d4 d6 2. Bf4 Nd7 3. e4 e5 4. dxe5 dxe5 5. Be3 Ngf6 6. Nc3 c6 7. Bc4 Bb4 8. f3 Qa5 9. Nge2 Bc5 10. Bd2 0-0 11. a3 Qc7 12. b4 Bb6 13. Na4 Rd8 14. Ng3 Bd4 15. c3 Nb6 16. Nxb6 Bxb6 17. Qb3 a5 18. 0-0-0 axb4 19. cxb4 Bd4 20. Bc3 b5 21. Be2 Be6 22. Qb2 c5 23. Bxd4 exd4 24. bxc5 Qxc5+ 25. Kd2 d3 26. Bxd3 Qf2+ 27. Ne2 Bc4 28. Kc3 Qe3 29. Nc1 Rac8 0-1